Văn hóa dân gian Thái dọc đôi bờ sông Nặm Quang
Giới thiệu những nội dung liên quan đến văn học dân gian của người Thái vùng sông Nặm Quang, đó là: đồng dao, dân ca, truyện thơ, truyện kể dân gian
Gorde:
| Egile nagusia: | |
|---|---|
| Formatua: | Liburua |
| Hizkuntza: | Undetermined |
| Argitaratua: |
Hà Nội
Văn hóa Dân tộc
2016
|
| Gaiak: | |
| Etiketak: |
Etiketa erantsi
Etiketarik gabe, Izan zaitez lehena erregistro honi etiketa jartzen!
|
| Thư viện lưu trữ: | Trung tâm Học liệu Trường Đại học Cần Thơ |
|---|
| LEADER | 00811nam a2200193Ia 4500 | ||
|---|---|---|---|
| 001 | CTU_217020 | ||
| 008 | 210402s9999 xx 000 0 und d | ||
| 082 | |a 398.09597 | ||
| 082 | |b M305/T.2 | ||
| 100 | |a Quán, Vi Miên | ||
| 245 | 0 | |a Văn hóa dân gian Thái dọc đôi bờ sông Nặm Quang | |
| 245 | 0 | |c Quán Vi Miên | |
| 260 | |a Hà Nội | ||
| 260 | |b Văn hóa Dân tộc | ||
| 260 | |c 2016 | ||
| 520 | |a Giới thiệu những nội dung liên quan đến văn học dân gian của người Thái vùng sông Nặm Quang, đó là: đồng dao, dân ca, truyện thơ, truyện kể dân gian | ||
| 650 | |a Văn hóa dân gian,Folklore | ||
| 904 | |i Thủy Tiên (Nguyên) | ||
| 980 | |a Trung tâm Học liệu Trường Đại học Cần Thơ | ||